01498nab a2200421 a 450000100060000000300080000600500170001400600190003100700150005000800410006502200140010603500210012004000260014105000220016708000080018908200180019710000250021522200660024024501170030626000430042330000130046631000180047936200210049753301640051865000290068265000280071165000270073965000260076665000250079265000270081765300140084465300220085865500320088071000190091274000670093185600610099899900170105996586FlNmELB20241217172610.0m o d | cr cn|||||||||201104r2002 uy |||||s|||||||||||spa d a0254-2439 a(OCoLC)955423890 aFlNmELBbspacFlNmELB 4aLC1041bH558 2002 a37704a370.113052221 aHernández, Daniel. 0aBoletín técnico interamericano de formación profesional10aPolíticas de certificación de competencias en América Latinah[recurso electronico] /cDaniel Hernández. a[Montevideo] :bCINTERFOR/OIT,c[2002] a31-50 p. aCuatrimestral0 aNum. 152 (2002)- aRecurso electrónico. Santa Fe, Arg.: e-libro, 2015. Disponible vía World Wide Web. El acceso puede estar limitado para las bibliotecas afiliadas a e-libro. 0aFormación profesional. 0aEducación vocacional. 0aEducación técnica. 0aVocational education. 0aTechnical education. 0aOccupational training. aFormacion aEducacion tecnica 4aArtículos electrónicos.2 ae-libro, Corp.02aBoletín técnico interamericano de formación profesional.40uhttps://elibro.net/ereader/politecnicointernacional/9068 c96586d96586